Detalles MARC
| 000 -LIDER |
| fixed length control field |
01451nam a22002897a 4500 |
| 003 - IDENTIFICACDOR DE NÚMERO DE CONTROL |
| control field |
DO-SdBNP |
| 005 - DATE AND TIME OF LATEST TRANSACTION |
| control field |
20220224101448.0 |
| 008 - ELEMENTOS DE LONGITUD FIJA |
| fixed length control field |
210428b dr. 2021 00| 0 spa d |
| 020 ## - ISBN |
| International Standard Book Number |
9789945168754 |
| 040 ## - FUENTE DE CATALOGACIÓN |
| Agencia que crea de manera original el registro |
BPMSU |
| Idioma de catalogación |
spa |
| Agencia que realiza la transcripción |
BPMSU |
| 082 ## - NÚMERO DE CLASIFICACIÓN DECIMAL DE DEWEY |
| Edition number |
22 |
| Classification number |
305.42 |
| Item number |
R763d |
| 100 1# - ASIENTO PRINCIPAL -- NOMBRE PERSONAL |
| Nombre personal |
Romero, Santo |
| Fechas asociadas con el nombre |
1969 - |
| 245 ## - MENCIÓN DE TITULO |
| Título |
Las damas y nuestro medio ambiente / |
| Mención de responsabilidad |
Santo Romero. |
| 260 ## - PUBLICACIÓN, DISTRIBUCIÓN, ETC. (PIE DE IMPRENTA) |
| Lugar de publicación, distribución, etc |
Santo Domingo : |
| Nombre del editor, distribuidor, etc. |
Búho, |
| Fecha de publicación, distribución, etc |
2017. |
| 300 ## - DESCRIPCIÓN FÍSICA |
| Extensión |
636 p. : |
| Otros detalles físicos |
ils. fotos; |
| Dimensiones |
22 cm. |
| 500 ## - NOTA GENERAL |
| Nota general |
Incluye datos bibliográfico del autor en la contra cubierta. |
| 504 ## - NOTA DE BIBLIOGRAFÍA, ETC. |
| Bibliography, etc |
Bibliográfica p. 625-626. |
| 505 ## - NOTA DE CONTENIDO |
| Texto normalizado de contenido |
Introducción -- Capítulo I. Mujer: hogar y sociedad -- Capítulo II. Medio ambiente -- Capítulo III. Curiosidades -- Capítulo IV. Tinta y papel (10) -- Capítulo V. América: antecedentes y evolución -- Capítulo VI. El correo: orígenes y evolución -- Capítulo VII. Aviación militar dominicana: orígenes y evolución -- Fotos y más -- Notas finales -- Conclusión -- Bibliografía. |
| 590 ## - NOTA LOCAL |
| Texto de la nota local |
Inventariado,2021/ MC |
| 650 #4 - ENCABEZAMIENTO DE MATERIA--TEMÁTICO |
| Término temático o nombre geográfico como elemento de entrada |
Mujeres |
| Subdivisión temática general |
Aspectos socioeconómicos |
| Subdivisión geográfica |
República Dominicana |
| 650 #4 - ENCABEZAMIENTO DE MATERIA--TEMÁTICO |
| Término temático o nombre geográfico como elemento de entrada |
Mujeres |
| Subdivisión temática general |
Historia |
| Subdivisión geográfica |
República Dominicana |
| Materiales especificados |
|
| Enlace |
|
| Campo enlazado y núm. de secuencia |
|
| Término temático seguido del nombre geográfico como elemento de entrada |
|
| Lugar del evento |
|
| Subdivisión de forma |
|
| 650 #4 - ENCABEZAMIENTO DE MATERIA--TEMÁTICO |
| Término temático o nombre geográfico como elemento de entrada |
Mujeres |
| Subdivisión temática general |
Condiciones sociales |
| Subdivisión geográfica |
República Dominicana |
| 650 #4 - ENCABEZAMIENTO DE MATERIA--TEMÁTICO |
| Término temático o nombre geográfico como elemento de entrada |
Mujeres y medio ambiente. |
| Subdivisión temática general |
Vida social y costumbres |
| Subdivisión geográfica |
República Dominicana |
| 650 #4 - ENCABEZAMIENTO DE MATERIA--TEMÁTICO |
| Término temático o nombre geográfico como elemento de entrada |
Mujeres |
| Subdivisión temática general |
Relaciones interpersonales |
| 910 ## - VALIDACIÓN |
| Validación |
MCabrera / VMateo |
| 942 ## - ADDED ENTRY ELEMENTS (KOHA) |
| Source of classification or shelving scheme |
Dewey Decimal Classification |
| Koha item type |
Libros |